000 00539nam a2200169Ia 4500
008 240729s9999 xx 000 0 und d
022 _a1848-9257
245 0 _aJournal of Sustainable Development of Energy, Water and Environment Systems
260 _aCroatia
260 _bSDEWES Centre
650 _a Economic growth, development, planning
650 _a Industries. Land use. Labor
650 _aTechnology | Social Sciences
856 _uhttps://doaj.org/toc/80172af181b14369bc27f8c3e7d1ba76
942 _2ddc
942 _cDOAJEJ
999 _c73122
_d73122
945 _a1
_bMadushi Gamage
_c1
_dMadushi Gamage